[Event "Sao Joao del Rei op"]
[Site "Sao Joao del Rei"]
[Date "2020.02.09"]
[Round "5"]
[White "Vieira, Jackson Cardoso De"]
[Black "Julca, Keven Anthony Mende"]
[Result "1-0"]
[WhiteElo "1827"]
[BlackElo "1153"]
[PlyCount "87"]
[EventDate "2020.02.08"]
[EventType "swiss"]
[EventRounds "5"]
[EventCountry "BRA"]
[SourceTitle "CBM 195 Extra"]
[Source "ChessBase"]
[SourceDate "2020.05.31"]
[SourceVersion "1"]
[SourceVersionDate "2020.05.31"]
[SourceQuality "1"]

1. e4 e5 2. Nf3 Nc6 3. Bc4 Bc5 4. c3 d6 5. d4 exd4 6. cxd4 Bb4+ 7. Bd2 Bxd2+ 8. Nbxd2 Bg4 9. Qb3 Qd7 10. 0-0 Na5 11. Qd3 Nxc4 12. Nxc4 Qb5 13. Nxd6+ cxd6 14. Qxb5+ Bd7 15. Qxb7 Rd8 16. e5 dxe5 17. Rfe1 Ne7 18. Nxe5 Be6 19. Rad1 f6 20. Nc6 Nxc6 21. Rxe6+ Kf8 22. Qxc6 Kf7 23. Rde1 Kg6 24. Qe4+ Kf7 25. Re7+ Kg8 26. Re8+ Kf7 27. Qe7+ Kg6 28. Qxd8 Rxe8 29. Qxe8+ Kg5 30. h4+ Kxh4 31. Re4+ Kg5 32. f4+ Kg4 33. Qe6+ f5 34. Re5 g6 35. d5 Kxf4 36. d6 a5 37. d7 a4 38. d8Q Kg4 39. Qd1+ Kg5 40. Qd2+ Kg4 41. Re4+ Kh5 42. Qe2+ Kh6 43. Rh4+ Kg5 44. Qe7# 1-0